书目信息 |
| 题名: |
山地型区域市场变迁研究
|
|
| 作者: | 肖良武 著 | |
| 分册: | ||
| 出版信息: | 北京 人民出版社 2012 |
|
| 页数: | 273页 | |
| 开本: | 24cm | |
| 丛书名: | ||
| 单 册: | ||
| 中图分类: | F729.5(74) , F729.5(73) | |
| 科图分类: | ||
| 主题词: | 山区--区域市场--经济史--研究--云南--近现代 , 山区--区域市场--经济史--研究--贵州--近现代 , 山区 , 区域市场 , 经济史 | |
| 电子资源: | ||
| ISBN: | 978-7-01-011704-1 | |
| 000 | 01396nam0 2200301 450 | |
| 001 | 523 | |
| 005 | 20140909100547.84 | |
| 010 | @a978-7-01-011704-1@dCNY46.00 | |
| 100 | @a20130702d2012 em y0chiy50 ea | |
| 101 | 0 | @achi |
| 102 | @aCN@b110000 | |
| 105 | @ay z 000yy | |
| 106 | @ar | |
| 200 | 1 | @a山地型区域市场变迁研究@AShan Di Xing Qu Yu Shi Chang Bian Qian Yan Jiu@f肖良武著@FXiao Liang Wu Zhu |
| 210 | @a北京@c人民出版社@d2012 | |
| 215 | @a273页@d24cm | |
| 300 | @a贵州省优秀科技教育人才省长资金项目 | |
| 330 | @a本书从市场发育特征角度,试图将区域市场区分为两种类型,即山地型区域市场和流域型区域市场。从区域市场发育进程来看,我们试图将云贵区域市场发育过程分为四个阶段:第一阶段,19世纪80年代以前的市场发育初期阶段;第二阶段,19世纪80年代至20世纪70年代的市场发育中期阶段,第三阶段,20世纪80-90年代的市场快速转型阶段;第四阶段,21世纪以来市场运行逐渐规范、逐渐成熟阶段。在此,我们将视角聚焦于市场转型与市场逐渐成熟阶段的研究。通过研究还发现,在区域市场变迁过程中,不同阶段的推动力因素及其所起作用是具有明显差异的。 | |
| 606 | 0 | @a山区@x区域市场@x经济史@x研究@y云南@z近现代 |
| 606 | 0 | @a山区@x区域市场@x经济史@x研究@y贵州@z近现代 |
| 606 | 0 | @a山区 |
| 606 | 0 | @a区域市场 |
| 606 | 0 | @a经济史 |
| 690 | @aF729.5(74)@v5 | |
| 690 | @aF729.5(73)@v5 | |
| 701 | 0 | @a肖良武@AXiao Liang Wu@f(1966~)@4著 |
| 801 | 0 | @aCN@bTANGWEI@c20140603 |
| 905 | @b0840377-79@dF729.5(74)@e77@f3 | |
| 山地型区域市场变迁研究/肖良武著.-北京:人民出版社,2012 |
| 273页;24cm |
| 贵州省优秀科技教育人才省长资金项目 |
| ISBN 978-7-01-011704-1:CNY46.00 |
| 本书从市场发育特征角度,试图将区域市场区分为两种类型,即山地型区域市场和流域型区域市场。从区域市场发育进程来看,我们试图将云贵区域市场发育过程分为四个阶段:第一阶段,19世纪80年代以前的市场发育初期阶段;第二阶段,19世纪80年代至20世纪70年代的市场发育中期阶段,第三阶段,20世纪80-90年代的市场快速转型阶段;第四阶段,21世纪以来市场运行逐渐规范、逐渐成熟阶段。在此,我们将视角聚焦于市场转型与市场逐渐成熟阶段的研究。通过研究还发现,在区域市场变迁过程中,不同阶段的推动力因素及其所起作用是具有明显差异的。 |
| ● |
| 相关链接 |
|
|
|
|
正题名:山地型区域市场变迁研究
索取号:F729.5(74)/77
 
预约/预借
| 序号 | 登录号 | 条形码 | 馆藏地/架位号 | 状态 | 备注 |
| 1 | 0840377 | 208403770 | 第一样本阅览室/ [索取号:F729.5(74)/77] | 在馆 | |
| 2 | 0840378 | 208403789 | 密集书库-海洋学院/ [索取号:F729.5(74)/77] | 在馆 | |
| 3 | 0840379 | 208403798 | 第一借阅区/ [索取号:F729.5(74)/77] | 在馆 |